000 00641nam a2200241Ia 4500
003 OSt
005 20220918200855.0
006 a|||||r|||| 00| 0
007 ta
008 220917b |||||||| |||| 00| 0 eng d
024 _a90,634
037 _cTextual
040 _aARTS
_cARTS
_beng
041 _2eng
_aeng
082 _aU672:937:N5, K0 (UD)
100 _aWard R Gerard
_995859
245 0 _aNew Zealand industrial potential
260 _c1960
650 _aGEOGRAPHY
700 _a Ward Marion W
_995860
942 _hU672:937:N5, K0 (UD)
_cTEXL
_2CC
999 _c214295
_d214295